| Tag |
First Indicator |
Second Indicator |
Subfields |
| LEADER |
00000cam a2200000 a 4500 |
| 001 |
in00000084705 |
| 005 |
20151008053211.0 |
| 008 |
810623s1980 paua b 00000 eng |
| 010 |
|
|
|a 80053468
|
| 020 |
|
|
|a 089883242X (pbk.)
|
| 035 |
|
|
|a (OCoLC)07596646
|
| 035 |
|
|
|9 AAH6626AM
|
| 039 |
0 |
|
|a 2
|b 3
|c 3
|d 3
|e 3
|
| 040 |
|
|
|a DLC
|c DLC
|d TXA
|d UtOrBLW
|
| 049 |
|
|
|a TXAM
|c [1197078]
|
| 050 |
0 |
0 |
|a TL214 F8
|b E53
|
| 082 |
0 |
|
|a 629.2/538
|2 19
|
| 245 |
0 |
0 |
|a Engines, fuels, and lubricants, a perspective on the future.
|
| 264 |
|
1 |
|a Warrendale, PA :
|b Society of Automotive Engineers,
|c 1980.
|
| 300 |
|
|
|a 104 pages :
|b illustrations ;
|c 28 cm.
|
| 336 |
|
|
|a text
|b txt
|2 rdacontent
|
| 337 |
|
|
|a unmediated
|b n
|2 rdamedia
|
| 338 |
|
|
|a volume
|b nc
|2 rdacarrier
|
| 500 |
|
|
|a "Compilation of papers from the Fuels and Lubricants Meeting held in Baltimore on October 20-23, 1980"--Pref.
|
| 500 |
|
|
|a "SP-471."
|
| 504 |
|
|
|a Includes bibliographical references.
|
| 650 |
|
0 |
|a Automobiles
|x Fuel systems.
|
| 650 |
|
0 |
|a Motor fuels.
|
| 710 |
2 |
|
|a Society of Automotive Engineers.
|
| 711 |
2 |
|
|a Fuels and Lubricants Meeting
|d (1980 :
|c Baltimore, Md.)
|
| 999 |
|
|
|a MARS
|
| 999 |
f |
f |
|s 4493135c-ec1b-33fc-9c2a-157f19feddfe
|i 426b2dc2-b7c6-3e23-8a7e-90c906d2cf35
|t 0
|
| 952 |
f |
f |
|p ric
|a Texas A&M University
|b Rellis Campus
|c Joint Library Facility
|d Remote Storage
|t 0
|e TL214 F8 E53
|h Library of Congress classification
|i unmediated -- volume
|m A14805954764
|
| 998 |
f |
f |
|a TL214 F8 E53
|t 0
|l Remote Storage
|